000
00242nam a2200097Ia 4500
001
1165368
005
20250827011738.0
008
250824s9999 xx 000 0 und d
245
0
_a
İNCİ'NİN ANAHTARI
_c
NECATİ AKBABA
260
_b
GENÇ DAMLA
999
_c
1165368
_d
1165368